| 000 | 00572nam a22001697a 4500 | ||
|---|---|---|---|
| 020 | _a9780198809357 | ||
| 082 |
_a616.15 _bPRO |
||
| 100 |
_aProvan, Drew; Baglin, Trevor.; Dokal, Inderjeet; Vos, Johannes de _9114157 |
||
| 245 |
_aOxford Handbook of Clinical Hematology / _cDrew Provan; Inderjeet Dokal; Johannes de Vos; Trevor Baglin |
||
| 250 | _a4th Edition. | ||
| 260 |
_aKarachi : _bOxford University Press, _c2017. |
||
| 300 |
_a824 p. ; _bill, _c18 cm. |
||
| 563 | _aPBK. | ||
| 650 |
_aBlood--Diseases _9113577 |
||
| 650 |
_aHematology _9113578 |
||
| 942 |
_2ddc _cBK |
||
| 999 |
_c595559 _d595559 |
||